Manchester United Squad - Statistics

General Stats
  • This quiz has been taken 50 times
    3 since last reset
  • The average score is 27 of 35
Answer Stats
Kit Number Nationality Player % Correct
1 Turkey Altay Bayindir
100%
24 Cameroon Andre Onana
100%
21 Brazil Antony
100%
26 England Ayden Heaven
100%
8 (c) Portugal Bruno Fernandes
100%
18 Brazil Casemiro
100%
2 Portugal Diogo Dalot
100%
5 England Harry Maguire
100%
n/a England Jadon Sancho
100%
11 Netherlands Joshua Zirkzee
100%
37 England Kobbie Mainoo
100%
15 France Leny Yoro
100%
6 Argentina Lisandro Martinez
100%
23 England Luke Shaw
100%
n/a England Marcus Rashford
100%
7 England Mason Mount
100%
10 Brazil Matheus Cunha
100%
4 Netherlands Matthijs De Ligt
100%
13 Denmark Patrick Dorgu
100%
9 Denmark Rasmus Hojlund
100%
Manager Portugal Ruben Amorim
100%
22 England Tom Heaton
100%
12 Netherlands Tyrell Malacia
100%
17 Argentina Alejandro Garnacho
50%
16 Ivory Coast Amad
50%
19 Cameroon Bryan Mbuemo
50%
30 Paraguay Diego Leon
50%
25 Uraguay Manuel Ugarte
50%
3 Morocco Noussair Mazraoui
50%
43 England Toby Collyer
50%
32 Denmark Chido Obi
0%
44 England Dan Gore
0%
36 England Ethan Wheatley
0%
41 England Harry Amass
0%
33 England Tyler Fredricson
0%
No matching quizzes found
Score Distribution
Percent of People with Each Score
Percentile by Number Answered
Your Score History
You have not taken this quiz since the last reset